000 00789nam a2200289Ia 4500
005 20260324112326.0
008 008 260324s9999 xx 000 0 eng d
020 _a9781003352327
037 _aEBOOK
040 _aCRL
040 _beng
040 _cCRL
041 _2eng
041 _aeng
084 _qCRL
100 _aGeorgia Pavlopoulou; Laura Crane; Russell Hurn; Damian Milton
_91142227
245 0 _aImproving Mental Health Therapies for Autistic Children and Young People
245 0 _bPromoting Self-agency, Curiosity and Collaboration
260 _bTaylor and Francis
260 _c2024
365 _a
365 _b195
856 _uhttp://www.taylorfrancis.com/books/9781003352327
942 _cEBOOK
999 _c1731387
_d1731387